000 00649nam a2200241 a 4500
001 nice12345678
003 IN_TiNIC
005 20260116013313.0
008 050524s1994 newa grp 000 0 eng
020 _a
_c60
082 0 0 _a297.64
_bMAL
100 _aMalik, Fida Husain
245 _aWives of the Holy Prophet(peace Be Upon Them)
260 _aNew Delhi
_bAdam Publisher and Distributer
_c1994
300 _a160p
500 _aincludes index and biblioraphy
505 2 _aAppendix, Bibliography, Index
650 _aMuhammad, Prophet-Family
700 1 _aMalik, Fida Husain
902 _bSRS
942 _cBK
999 _c10491
_d10491